Carregant...
Magahi-Culture /
| Autor principal: | |
|---|---|
| Format: | Printed Book |
| Publicat: |
New Delhi :
Cosmo Publications ,
1983.
|
| Matèries: |
| LEADER | 00448cam a2200133ua 4500 | ||
|---|---|---|---|
| 999 | |c 33141 |d 33141 | ||
| 082 | 1 | 4 | |a 954.12 |b ASI-M |
| 100 | 1 | |a Asim,Maitra | |
| 245 | 1 | 0 | |a Magahi-Culture / |
| 260 | |a New Delhi : |b Cosmo Publications , |c 1983. | ||
| 300 | |a 339p ; | ||
| 650 | 0 | |a Culture |a Magahi language |a India--Bihar |a Civilization | |
| 942 | |c BK | ||
| 952 | |0 0 |1 0 |4 0 |6 954_120000000000000_ASIM |7 0 |9 42504 |a KU |b KU |d 2015-07-05 |g 165.00 |l 0 |o 954.12 ASI-M |p AN00106 |r 2015-07-05 |y BK | ||